Komparácia poznatkov vybraných agroproduktov na Slovensku a v zahraničí
Komparácia poznatkov vybraných agroproduktov z rastlinnej a živočíšnej výroby z ekonomického pohľadu nielen na domácom, ale i zahraničnom agropotravinárskom trhu. Porovnanie konkurencieshopnosti poľnohospodárstva Slovenska s krajinami EÚ.
Uložené v:
| Hlavný autor: | |
|---|---|
| Ďalší autori: | |
| Médium: | Kapitola |
| Jazyk: | Slovak |
| Predmet: | |
| Tagy: |
Žiadne tagy, Buďte prvý, kto otaguje tento záznam!
|
MARC
| LEADER | 00000naa$a2200000$$$4500 | ||
|---|---|---|---|
| 001 | 0134809 | ||
| 005 | 20240502072519.6 | ||
| 041 | 0 | |a slo | |
| 044 | |a SK | ||
| 245 | 1 | 0 | |a Komparácia poznatkov vybraných agroproduktov na Slovensku a v zahraničí |c Ivana Hudáková, Juraj Mišún |
| 520 | |a Komparácia poznatkov vybraných agroproduktov z rastlinnej a živočíšnej výroby z ekonomického pohľadu nielen na domácom, ale i zahraničnom agropotravinárskom trhu. Porovnanie konkurencieshopnosti poľnohospodárstva Slovenska s krajinami EÚ. | ||
| 610 | 2 | 0 | |a Slovensko |
| 610 | 2 | 0 | |a Európska únia |
| 610 | 2 | 0 | |a poľnohospodárstvo |
| 610 | 2 | 0 | |a agropotravinárstvo |
| 610 | 2 | 0 | |a výroba rastlinná |
| 610 | 2 | 0 | |a výroba živočíšna |
| 610 | 2 | 0 | |a bezpečnosť potravinová |
| 610 | 2 | 0 | |a komodity |
| 610 | 2 | 0 | |a trh |
| 610 | 2 | 0 | |a konkurencia |
| 100 | 1 | |a Hudáková, Ivana, 1976- | |
| 700 | 1 | |a Mišún, Juraj, 1978- | |